000
00311nam a22001457a 4500
008
210302b ||||| |||| 00| 0 eng d
020
_a
9781412937481
041
_a
eng
080
_2
3rd
_a
316
082
_a
316
100
_a
50
101
_a
SOC
245
_a
Family Theories
_c
White, J. M
942
_2
udc
_c
BK
999
_c
55483
_d
55483